000 00469nam a2200181Ia 4500
008 100917s9999 xx 000 0 und d
082 _b3934
100 _aअत्रे प्रल्हाद केशव
245 _aघराबाहेर
260 _b---
_c1948
300 _a106
365 _b1.5
520 _aनाटक
630 _aघराबाहेर
650 _aनाटक
730 _aघराबाहेर
942 _cBOOK
999 _c609328
_d609325